| 000 | 00792nam a22002297a 4500 | ||
|---|---|---|---|
| 999 |
_c1976 _d1976 |
||
| 003 | AR-CdUCM | ||
| 008 | 190228b ||||| |||| 00| 0 spa d | ||
| 040 |
_aMUNICIPALIDAD PROVINCIAL DEL CUSCO _cBIBLIOTECA MUNICIPAL DEL CUSCO |
||
| 082 |
_a378 / _bR78 |
||
| 100 |
_aRojas Aspiazu, Luis _97209 |
||
| 245 | _aAmérica no es una utopía / | ||
| 260 |
_aBolivia : _bEdic. Runa, _c1993 |
||
| 300 |
_a100 paginas ; _c18 cm. |
||
| 505 | _aAsumir nuestra América --Saber, ciencia y educación --La educación en nuestra América --En post de otra pedagogía -- fragmentos heterodoxos / | ||
| 650 |
_aEducacion _9460 |
||
| 650 |
_aMitologia _97210 |
||
| 650 |
_aHistoria _9136 |
||
| 650 |
_aPatrimonio _95523 |
||
| 650 |
_aTradiciones _9229 |
||
| 942 |
_2ddc _cLIBROS |
||
| 945 |
_arjall _d2019-02-28 |
||